Mozambique : freedom of expression and the elections.
Saved in:
| Corporate Author: | |
|---|---|
| Format: | Book |
| Language: | English |
| Published: |
London :
Article 19, The International Centre Against Censorship,
[1994]
|
| Series: | Censorship news ;
issue 36. |
| Subjects: | |
| Tags: |
Add Tag
No Tags, Be the first to tag this record!
|
| LEADER | 00915nam a2200277Ia 4500 | ||
|---|---|---|---|
| 001 | 005606501-9 | ||
| 005 | 20020606163548.3 | ||
| 008 | 950117s1994 enk b 000 0 eng d | ||
| 035 | 0 | |a ocm31828208 | |
| 040 | |a IUL |c IUL |d HLS |d MH-L | ||
| 043 | |a f-mz--- | ||
| 090 | |a JQ3671.A91 |b M69 1994 | ||
| 245 | 0 | 0 | |a Mozambique : |b freedom of expression and the elections. |
| 260 | |a London : |b Article 19, The International Centre Against Censorship, |c [1994] | ||
| 300 | |a 17 p. ; |c 29 cm. | ||
| 490 | 1 | |a Censorship news, |x 0967-8514 ; |v issue 36 | |
| 500 | |a Caption title. | ||
| 500 | |a "20 October 1994." | ||
| 504 | |a Includes bibliographical references. | ||
| 650 | 0 | |a Elections |z Mozambique. | |
| 651 | 0 | |a Mozambique |x Politics and government |y 1994- | |
| 650 | 0 | |a Freedom of speech |z Mozambique. | |
| 710 | 2 | |a Article 19 (Organization) | |
| 830 | 0 | |a Censorship news ; |v issue 36. |x 0967-8514 | |
| 988 | |a 20020608 | ||
| 906 | |0 OCLC | ||


